书目信息 |
| 题名: |
建筑供配电系统设计
|
|
| 作者: | 曹祥红 , 陈继斌 , 张华 主编 | |
| 分册: | ||
| 出版信息: | 北京 人民交通出版社 2011.08 |
|
| 页数: | 289页 | |
| 开本: | 26cm | |
| 丛书名: | 高等学校智能建筑技术系列教材 | |
| 单 册: | ||
| 中图分类: | TU852 | |
| 科图分类: | ||
| 主题词: | 房屋建筑设备--供电--系统设计--高等学校--教材 , 房屋建筑设备--配电系统--系统设计--高等学校--教材 | |
| 电子资源: | ||
| ISBN: | 978-7-114-09055-4 | |
| 000 | 01114nam0 2200277 450 | |
| 001 | 1251646976 | |
| 005 | 20120406142114.42 | |
| 010 | @a978-7-114-09055-4@dCNY35.00 | |
| 100 | @a20110914d2011 y0chiy0110 ea | |
| 101 | 0 | @achi |
| 102 | @aCN@b110000 | |
| 105 | @ay z 000yy | |
| 200 | 1 | @a建筑供配电系统设计@9jian zhu gong pei dian xi tong she ji@f曹祥红,张华,陈继斌主编 |
| 210 | @a北京@c人民交通出版社@d2011.08 | |
| 215 | @a289页@d26cm | |
| 225 | 2 | @a高等学校智能建筑技术系列教材 |
| 330 | @a本书内容包括:建筑供配电系统设计基础、常用电气设备、建筑变配电所的结构布置及主接线、负荷计算及无功功率补偿、短路电流及其计算、电气设备的选择与校验、导线和电缆的选择、建筑低压配电系统设计、建筑防雷与接地系统、建筑供配电系统设计工程实例等。 | |
| 461 | 0 | @12001@a高等学校智能建筑技术系列教材 |
| 606 | 0 | @a房屋建筑设备@x供电@x系统设计@x高等学校@j教材 |
| 606 | 0 | @a房屋建筑设备@x配电系统@x系统设计@x高等学校@j教材 |
| 690 | @aTU852@v4 | |
| 701 | 0 | @a曹祥红@9cao xiang hong@4主编 |
| 701 | 0 | @a陈继斌@9chen ji bin@4主编 |
| 701 | 0 | @a张华@9zhang hua@4主编 |
| 801 | 0 | @aCN@bSG02@c20110914 |
| 905 | @aZUCC@dTU852@eC152 | |
| 建筑供配电系统设计/曹祥红,张华,陈继斌主编.-北京:人民交通出版社,2011.08 |
| 289页;26cm.-(高等学校智能建筑技术系列教材) |
| ISBN 978-7-114-09055-4:CNY35.00 |
| 本书内容包括:建筑供配电系统设计基础、常用电气设备、建筑变配电所的结构布置及主接线、负荷计算及无功功率补偿、短路电流及其计算、电气设备的选择与校验、导线和电缆的选择、建筑低压配电系统设计、建筑防雷与接地系统、建筑供配电系统设计工程实例等。 |
| ● |
| 相关链接 |
|
|
|
正题名:建筑供配电系统设计
索取号:TU852/C152
 
预约/预借
| 序号 | 登录号 | 条形码 | 馆藏地/架位号 | 状态 | 备注 |
| 1 | 485101 | 204851017 | 城院文库/ [索取号:TU852/C152] | 在馆 |